Compromiso espiritual e independencia creadora : una moral humanista para la literatura en la revista Sur (1935-1945) /

Este artículo presenta una caracterización de la moral literaria dominante en Sur, entre mediados de los años treinta y mediados de los cuarenta. La pregunta acerca de la función del escritor y del arte en general, de sus relaciones con la sociedad y el poder político domina el interés de los escrit...

Full description

Bibliographic Details
Main Author: Podlubne, Judith
Format: Analitica de revista
Language:Spanish
Published: Madrid, España Iberoamericana Editorial 2009

MARC

LEADER 00000cab a2200000 a 4500
001 034346
003 UAHC_CL
005 20170803123731.0
008 091014b2009 sp 000 spa
040 |a UAHC_CL  |c UAHC_CL  |d UAHC_CL 
100 1 |a Podlubne, Judith 
245 1 0 |a Compromiso espiritual e independencia creadora :  |b una moral humanista para la literatura en la revista Sur (1935-1945) /  |c Judith Podlubne. 
260 |b Iberoamericana Editorial  |a Madrid, España  |c 2009 
300 |a pp. 19-38 
500 |a En: Iberoamericana. América Latina - España - Portugal. Ensayos sobre letras, historia y sociedad. Año IX, no. 35, septiembre 2009. pp. 19-38. ISSN: 1577-3388. 
500 |a En: Iberoamericana. América Latina - España - Portugal. Ensayos sobre letras, historia y sociedad. Año IX, no. 35, septiembre 2009. pp. 19-38. ISSN: 1577-3388. 
520 |a Este artículo presenta una caracterización de la moral literaria dominante en Sur, entre mediados de los años treinta y mediados de los cuarenta. La pregunta acerca de la función del escritor y del arte en general, de sus relaciones con la sociedad y el poder político domina el interés de los escritores más representativos de Sur en este período. 
520 |a Este artículo presenta una caracterización de la moral literaria dominante en Sur, entre mediados de los años treinta y mediados de los cuarenta. La pregunta acerca de la función del escritor y del arte en general, de sus relaciones con la sociedad y el poder político domina el interés de los escritores más representativos de Sur en este período. 
759 |a PP079 
773 0 |t Iberoamericana : América Latina - España - Portugal : Ensayos sobre letras, historia y sociedad. Notas. Reseñas iberoamericanas.  |w 034315 
900 |a IBEROAMERICANA-35/09 
942 |c REVA 
952 |0 0  |1 0  |4 0  |6 IBEROAMERICANA_35_09_000000000000000  |7 0  |8 General  |9 65540  |a BC  |b BC  |c General  |d 2017-08-03  |l 0  |o IBEROAMERICANA-35/09  |p FICTICIO3967  |r 2019-01-08 00:00:00  |t 1  |w 2017-08-03  |y REVA 
999 |c 34346  |d 34346